000 00419nam a2200181Ia 4500
001 14515
005 20260306164920.0
008 260306t1995||||xx |||||||||||||| ||spa||
041 _aESP
082 _a515.15
_bL25 V. 2 1995
100 _aLarson, Roland E.
_eAUT
245 0 _aCálculo:
_by geometía analítica
260 _c1995
300 _a
_c
650 _aGEN
654 _aCMA
942 _cLIB
_dJUS
_fJUS
_2ddc
_n
999 _c14515
_d14515